000 00216nam a2200085Ia 4500
245 0 _aThe Mandela files
100 _a ZAPIRO Cape Town, 2009
_9100068
942 _cBK
008 210818s9999 xx 000 0 und d
999 _c427646
_d427645